LEADER 00978nam a2200265 4500 001 000000361388 003 CaOOAMICUS 005 20250120160645.0 008 250120s2009 it 000 u ita r 020 $a978-88-04-59674-5 040 $aSeMil$bita 100 1 $aBrown, Dan,$d<1964- >.$0(OLS)http://semarc/name/41402 240 14$aThe lost symbol.$0(OLS)http://semarc/title/452097 245 13$aIl simbolo perduto /$cDan Brown. 264 1$aMilano :$bMondadori,$c2009. 300 $a604 p. ;$c23 cm 490 1 $aOmnibus 830 0$aOmnibus.$0(OLS)http://semarc/title/6831 850 $aSeMil 852 $aSeMil$W1$xVenegono$y1$m1W VI 183$j253951$B252353$CSeMilBibl$Z2$F252353 $81 961 $aCucchetti don Stefano - Omaggio 996 $6020$a978-88-04-59674-5$9(OLS)http://semarc/number/302253 996 $6245$aIl simbolo perduto$9(OLS)http://semarc/title/452096 996 $6264$aMilano :$bMondadori$9(OLS)http://semarc/publisher/30335 LEADER 01185nam a2200253 i 4500 001 000000067509 003 CaOOAMICUS 005 20150525000000.0 008 150525s1991 it u000 u ita u 013 $a38681 040 $aSeMil$bita 245 12$aI volti della solitudine :$bluoghi e percorsi del volontariato /$ca cura di Lorenza Dolazza ; con prefazione di mons. Marco Ferrari. 260 $aMilano :$bFondazione Luigi Moneta,$ccopyr. 1991. 300 $a125 p., [16] p. di tav. ;$c21 cm. 490 0 $aEsperienze di volontariato ;$v2. 650 4$aServizio sociale volontario.$0(OLS)http://semarc/subject/6594 700 1 $aFerrari, Marco .$0(OLS)http://semarc/name/33773 700 1 $aDolazza, Lorenza.$0(OLS)http://semarc/name/20213 830 0$aEsperienze di volontariato ;$v2.$0(OLS)http://semarc/title/12447 850 $aSeMil 852 $aSeMil$W1$xVenegono$y1$m3N III 436$j33662$B33662$CSeMilBibl$Z2$F33665 $81 961 $aOmaggio: Donazione 996 $6245$aI volti della solitudine :$bluoghi e percorsi del volontariato$9(OLS)http://semarc/title/107571 996 $6260$aMilano :$bFondazione Luigi Moneta$9(OLS)http://semarc/publisher/32570